BIBLIOTHÈQUE DE LA MAISON DU MEXIQUE

Logo 1 Logo 2

Tristes trópicos (notice nᵒ 2388)

détails MARC
000 -Sello discográfico
campo de control de longitud fija 01084nam a2200349 4500
005 - Identificación de versión
campo de control 20251016083309.0
010 ## - Número Estándar Internacional de Libros (ISBN)
Número (ISBN) 84-7509-465-1
035 ## - Otros números de control del sistema
Número de control del sistema 23226
099 ## - fechas locales
Tipo de ítem Koha LIBRO
100 ## - Datos de procesamiento general
Datos de procesamiento general 19971223d1988 m y1spay5003 ba
101 1# - Idioma del recurso
Idioma del texto, banda sonora, etc. Español; Castellano
Idioma de la obra original Francés
105 ## - Campo de datos codificados: Material textual, monográfico
Datos codificados de monografía a 001zy
200 1# - Título y mención de responsabilidad
Título propio Tristes trópicos
Designación general del material texto impreso
Primer mención de responsabilidad Claude Lévi-Strauss
Declaración de responsabilidad subsiguiente prólogo Manuel Delgado Ruíz
-- traducción Noelia Bastard
205 ## - Declaración de edición
Declaración de edición 1a ed
210 ## - Publicación, distribución, etc.
Lugar de publicación, distribución, etc. Barcelona
Nombre del editor, distribuidor, etc. Ediciones Paidós Ibérica
Fecha de publicación, distribución, etc. 1988
215 ## - Descripción física
Designación de material específico y extensión del ítem 468 p
Otras características físicas il., fot.
Dimensiones 22 cm
345 ## - Nota de información de adquisición
Fuente de adquisición/dirección de la suscripción [OBSOLETO] Donación
410 #1 - Series
Título Paidós Studio
Nombre de parte o sección Básica
Número de volumen 45
454 #1 - Traducción de
Título Tristes tropiques
606 ## - Término temático usado como materia
Elemento de entrada Indios de Brasil
Número Koha 5546
607 ## - Nombre geográfico utilizado como tema
Elemento de entrada Brasil
Subdivisión temática Descripción y viajes
Número Koha 5547
700 ## - Nombre personal - Responsabilidad primaria
Elemento de entrada Lévi-Strauss
Parte del nombre distinta del elemento de entrada Claude
Fechas 1908-2009
Número Koha 160
702 ## - Nombre personal - Responsabilidad secundaria
Elemento de entrada Bastard
Parte del nombre distinta del elemento de entrada Noelia
Número Koha 5548
702 ## - Nombre personal - Responsabilidad secundaria
Elemento de entrada Delgado Ruíz
Parte del nombre distinta del elemento de entrada Manuel
Número Koha 5549
801 #0 - Fuente de origen
Agencia cm
900 ## -
-- 1/15179
900 ## -
-- 710976763\\231297
942 ## - ELEMENTOS DE ENTRADA SECUNDARIOS (KOHA)
Tipo de ítem Koha Livre
996 ## -
-- MEX
-- 751145101
-- MMAG
-- 009356
-- 980.41 L664TR
-- 20240109LIV
Exemplaires
Estatus retirado Estado de daño Estado de pérdida Fecha de adquisición Biblioteca de origen Biblioteca actual Ubicación en estantería Código de barras Precio de reemplazo Signatura topográfica completa No para préstamo Tipo de ítem Koha Nota pública Nota no pública
      05/08/2025 Casa México Paris Casa México Paris   009356 05/08/2025 980.41 L664TR   Livre 20240109LIV 751145101